000 00466nam a2200193Ia 4500
005 20240823020101.0
008 240823s9999||||xx |||||||||||||| ||und||
020 _a0-07-059025-7
041 _aENGLISH
082 _A005.73 P4
100 _a"Hubbard,John R"
245 0 _aData Structures with C++
250 _a1st
260 _c2004
_bTMH New D
500 _aTRANSFERED
650 _aData Structure
_bInformation Technology
942 _cBK
999 _c173921
_d173921